La Prueba genética e impunidad en el delito de violación sexual = Genetic proof and impunity in sexual violation crimes /
El artículo habla sobre la importancia de la prueba genética en el delito de violación sexual, relacionándola con la impunidad y la actuación profesional de los(as) médicos (as) forenses
Uloženo v:
| Hlavní autor: | |
|---|---|
| Médium: | Text |
| Témata: | |
| Tagy: |
Přidat tag
Žádné tagy, Buďte první, kdo vytvoří štítek k tomuto záznamu!
|
MARC
| LEADER | 00000 a a2200000 04500 | ||
|---|---|---|---|
| 001 | 2450 | ||
| 003 | |||
| 040 | |||
| 100 | |a Aponte Sánchez, Elida | ||
| 245 | |a La Prueba genética e impunidad en el delito de violación sexual = |b Genetic proof and impunity in sexual violation crimes / |c Elida Aponte Sánchez | ||
| 520 | |a El artículo habla sobre la importancia de la prueba genética en el delito de violación sexual, relacionándola con la impunidad y la actuación profesional de los(as) médicos (as) forenses | ||
| 650 | |a ABUSO SEXUAL | ||
| 650 | |a MUJERES | ||
| 650 | |a EXAMEN MEDICO | ||
| 650 | |a GENETICA | ||
| 650 | |a DERECHO PENAL | ||
| 650 | |a RESULTADOS DE INVESTIGACION | ||
| 773 | |g volumen 31, número 3; páginas 71-89 | ||
| 999 | |c 37872 |d 37872 | ||
